[Event "Reggio Emilia 54th"]
[Site "Reggio Emilia"]
[Date "2012.01.03"]
[Round "7"]
[White "Vitiugov, Nikita"]
[Black "Ivanchuk, Vassily"]
[Result "1-0"]
[WhiteElo "2729"]
[BlackElo "2775"]
[Annotator "RR"]
[PlyCount "61"]
[EventDate "2011.12.27"]
[EventType "tourn"]
[EventRounds "10"]
[EventCountry "ITA"]
[EventCategory "20"]
[SourceTitle "CBM 146"]
[Source "ChessBase"]
[SourceDate "2012.01.18"]
[SourceVersion "1"]
[SourceVersionDate "2012.01.18"]
[SourceQuality "1"]

1. d4 Nf6 2. c4 e6 3. Nc3 Bb4 4. Nf3 c5 5. g3 Nc6 6. Bg2 Ne4 7. Bd2 Nxd2 8.
Qxd2 cxd4 9. Nxd4 O-O 10. a3 Be7 11. O-O Ne5 12. b3 a6 13. Rfd1 Qc7 14. Ne4 f5
15. Nc3 Rb8 16. e4 fxe4 17. Nxe4 b6 18. Qe2 Bb7 19. f4 Nc6 20. Nf3 Na5 21. Rd3
Bxe4 22. Qxe4 Nb7 23. b4 Nd6 24. Qe2 Nf7 25. Qd2 Rfd8 26. Re1 a5 27. Qc3 axb4
28. axb4 Rbc8 29. Nd2 Nd6 30. Rc1 Nxc4 $2 (30... Bf6 31. Qb3 Nb5 $11) 31. Nxc4
$18 1-0

[Event "Alekhine Memorial"]
[Site "Paris/St Petersburg"]
[Date "2013.04.30"]
[Round "8"]
[White "Vachier Lagrave, Maxime"]
[Black "Vitiugov, Nikita"]
[Result "0-1"]
[WhiteElo "2722"]
[BlackElo "2712"]
[Annotator "Sumets,A"]
[PlyCount "96"]
[EventDate "2013.04.21"]
[EventType "tourn"]
[EventRounds "9"]
[EventCountry "FRA"]
[EventCategory "20"]
[SourceTitle "CBM 154"]
[Source "ChessBase"]
[SourceDate "2013.05.15"]
[SourceVersion "1"]
[SourceVersionDate "2013.05.15"]
[SourceQuality "1"]

1. e4 c6 2. d4 d5 3. e5 Bf5 4. h4 h5 5. c4 e6 6. Nc3 Ne7 7. Nge2 (7. Bg5 {
is another white option. Nowadays 7.Ne2 is more popular. However some players
still use this old weapon.} dxc4 8. Bxc4 Nd7 9. Nge2 f6 10. exf6 gxf6 11. Bf4
$1 {looks stronger than Be3 -} (11. Be3 Nb6 12. Bd3 (12. Bb3 Ned5 13. O-O Qd7
14. Ng3 Bg4 15. Qd2 O-O-O 16. f3 Bf5 $13) 12... Qd7 13. Nf4 $6 O-O-O 14. Be2 $6
Ned5 15. Nfxd5 Nxd5 16. O-O Bd6 17. Nxd5 exd5 18. Qd2 Rde8 19. Rfe1 Rhg8 $17 {
0-1 Nunn,J-Karpov,A Monte Carlo 1995 0-1 (49)}) 11... Nb6 12. Bb3 Ned5 13. O-O
Bd6 14. Bxd6 Qxd6 15. Ng3 Bg6 16. Nce4 Bxe4 17. Nxe4 Qf4 18. Re1 $16 {Lenic,
L-Solak,D 18-th European Teams Porto Carras GRE 2011 1-0 (45)}) 7... Nd7 8. Ng3
Bg6 9. cxd5 Nxd5 {Another capture is also playable but leads to a passive
position. Vachier Lagrave proved it in his game against L'Ami:} (9... cxd5 10.
Bg5 Qb6 11. Bb5 Nc6 12. O-O Rc8 13. Rc1 a6 14. Bxc6 Rxc6 15. Nce2 Qxb2 16. Rxc6
bxc6 17. Nf4 Qc2 18. Qf3 Be4 $6 (18... Bb4 19. Nxg6 Qxg6 20. Rc1 c5 21. a3 Ba5
22. dxc5 Nxe5 23. Qf4 Nc6 24. Qd6 e5 25. Qxd5 $16) 19. Nxe4 Qxe4 20. Qh3 Qf5
21. Qxf5 exf5 22. Rc1 $18 f6 23. Ng6 Rg8 24. e6 fxg5 25. Rxc6 {1-0 Vachier
Lagrave,M - L'Ami,E Reykjavik ISL 2013}) 10. Be2 (10. Nxd5 {It seems to me
that this line leads to an equal game.} cxd5 11. Bd2 Be7 12. Be2 Bxh4 13. Nxh5
Bxh5 14. Bxh5 Bg5 $11 {The game was dramatic so let's see it till the end.} 15.
f4 Bxf4 16. Bxf4 g6 17. Qg4 Rxh5 18. Rxh5 gxh5 19. Qxh5 Qa5+ 20. Bd2 Qa4 21.
Bc3 Rc8 22. Kf1 b5 23. Kg1 b4 24. b3 Qa3 25. Be1 Qb2 (25... Rc1 26. Rxc1 Qxc1
27. Qe2 a5 $15) 26. Rd1 Rc1 27. Bxb4 $4 Qxd4+ 28. Kh2 Rxd1 $4 (28... Qxb4 29.
Rxc1 Qf4+ $19) 29. Qh8+ Nf8 30. Qxf8+ Kd7 31. Qd6+ Kc8 32. Qc6+ Kd8 33. Ba5+
Ke7 34. Qd6+ {1-0 Zherebukh,Y-Eljanov,P Khanty-Mansiysk 2011}) 10... Qa5 $146 (
10... Bb4 11. Bd2 Qb6 12. Nxd5 cxd5 13. Bxb4 Qxb4+ 14. Qd2 Qxd2+ 15. Kxd2 Rc8
16. Rac1 Rxc1 17. Rxc1 Kd8 18. a4 f6 19. f4 f5 20. a5 Nb8 21. b4 $16 {Vachier
Lagrave,M - Laznicka,V San Sebastian ESP 2012 1-0 (60)}) 11. Bd2 O-O-O {
Black's new plan 0-0-0 is simple and logical. I don't see how White can get
some advantage and after several moves he will find himself in a bad position.}
12. O-O (12. Nxh5 {At least White' chances here aren't worse than after 0-0}
Qb6 (12... Nb4 $5 13. O-O Nc2 14. Ne4 (14. Nf4 $5 Nxa1 15. Nxg6 fxg6 16. Bg5
Re8 17. Bd3 $44) 14... Qd5 15. Qxc2 Bxe4 16. Qa4 Bxg2 $5 (16... Rxh5 17. Bxh5
Bxg2 18. Qb3 Qxb3 19. axb3 Bxf1 20. Kxf1 g6 21. Be2 Nxe5 $6 22. Rxa7) 17. Nf4
Bxf1 18. Nxd5 Bxe2 19. Nf4 Bf3 $44 20. h5 $6 g5) 13. Bg5 Ne7 $1 14. Nxg7 (14.
Nf4 Nxe5 15. Nxg6 N5xg6 16. Qc2 Rxd4 17. Be3 Nf5 $44) 14... Qxb2 15. Rh3 Nb6
16. Qc1 Qxc1+ 17. Rxc1 Bxg7 18. Bxe7 Rxd4 19. Nb5 Ra4 (19... Rd5 $5 20. Nxa7+
Kb8 21. Nxc6+ bxc6 22. h5 Nc8 (22... Bf5 23. Rb3 $16) 23. Rxc6 Rd7 24. Rxc8+
Kxc8 25. Rc3+ Rc7 26. Ba6+ Kd7 27. Bb5+ Kc8 28. Ba6+) 20. Nc3 Rd4 $11) (12.
Nxd5 Qxd5 13. Bc3 {It is not dangerous at all.} Qxg2 $4 (13... Be7 14. Bf3 Qc4
15. Be2 $11) 14. Bf3 $18) 12... Be7 13. Nce4 Qc7 (13... Qb6 $6 14. Qa4 Bb4 15.
Bxb4 Nxb4 16. Nd6+ Kb8 17. Nc4 $16) 14. Ng5 (14. Qb3 {It is unlikely that
White will get enough compensation for the pawn.} Bxh4 15. Nd6+ Kb8 16. Ba6 Qb6
17. Qxb6 (17. Bxb7 Bxg3 $1 18. fxg3 Qxd4+ 19. Rf2 Nc5 $19) 17... axb6 18. Bxb7
Nxe5 19. dxe5 Rxd6 20. exd6 Kxb7 $15 {Black will get 2 pawns for the exchange
and his chances are better.}) 14... Bxg5 (14... Qb6 $1 {I don't see how White
can get an equal game.} 15. Qa4 (15. Bc1 Nb4 $1 (15... Bxg5 16. Bxg5 f6 17.
exf6 gxf6 18. Bc1 e5 $13) 16. Bf4 Nf8 $15 (16... Nb8 $5)) 15... Qxb2 16. N5e4
Qa3 $15) 15. Bxg5 f6 16. exf6 gxf6 17. Bd2 Nf4 {It should be noted that the
opening result is not satisfying for White. Obviously Vitiugov was better
prepared.} 18. Re1 (18. Bf3 Nb6 19. Qb3 Rxd4 20. Bxf4 Rxf4 21. Qxe6+ Kb8 22.
Rfe1 Bf7 23. Qe7 Qxe7 24. Rxe7 Bd5 $11) 18... Nb6 19. Qb3 e5 20. Bxf4 exf4 21.
Ne4 Rxd4 22. Bf3 Bxe4 23. Bxe4 Kb8 24. Bf3 $6 (24. Rad1 $1 {White is a pawn
dawn but due to the opponent's pawn structure he could get even better chances
in the endgame.} Rxd1 25. Qxd1 Nd7 26. Qf3 Nc5 27. Bg6 $44) 24... Nc4 25. Qc3
Rhd8 (25... Qd8 $5 26. Re4 (26. Re7 Ne5 27. Rg7 Qd6) 26... Rxe4 27. Bxe4 Ne5
$15 {White will have to fight for a draw.}) 26. Rad1 $6 (26. Re8 $1 Ne5 27.
Rxd8+ Rxd8 28. Rd1 (28. Bxh5 $2 Rh8 29. Be2 Rxh4 $17) 28... a6 29. Rxd8+ Qxd8
30. Bxh5 Qh8 31. Be2 Qxh4 32. Qb4 {with good chances to draw.}) 26... Rxd1 $2 (
26... Nd2 27. Bxh5 Qd7 28. Be2 f3 29. Rxd2 Rxd2 30. Bxf3 {Black's position is
better. He has to decide to trade queens or not to trade.} Qd4 (30... Qd6 31.
h5 f5) 31. Qxd4 R8xd4 $15) 27. Rxd1 Ne5 28. Rxd8+ Qxd8 29. Bxh5 $11 Qh8 30. Qd2
Kc8 31. Bd1 $6 (31. Qd1 f3 32. Bxf3 Qxh4 33. Be2 $11) 31... Qxh4 32. Qd6 {
It seems to me that White would have enough compensation to draw if he played
Bb3.} (32. Bb3 $1 Qg5 33. Be6+ Kc7 34. Qb4 Ng6 35. Qd4 Nf8 36. Bh3) 32... Qg5
33. Qe6+ Kc7 34. Qe7+ Nd7 35. Qh7 Kd6 36. b4 Qe5 $17 37. Qd3+ {If you would
play White and didn't want to lose such kind of position you should play like
Houdini.} Qd5 38. Qe2 Ne5 39. a4 a6 40. Qe1 Qd3 41. Be2 Qc2 42. Bf1 f3 43. Qa1
Qd2 $19 44. b5 c5 45. Qa3 fxg2 46. Bxg2 Nd3 47. Bxb7 Qxf2+ 48. Kh1 Qg3 {
Vitiugov's idea needs to be checked in future games. Maxime Lagrave wasn't
able to put problem to Black.} 0-1

[Event "Karlsruhe Grenke op"]
[Site "Karlsruhe"]
[Date "2017.04.17"]
[Round "8"]
[White "Vitiugov, Nikita"]
[Black "Fedoseev, Vladimir1"]
[Result "1-0"]
[WhiteElo "2729"]
[BlackElo "2684"]
[PlyCount "109"]
[EventDate "2017.04.13"]
[EventType "swiss"]
[EventRounds "9"]
[EventCountry "GER"]
[SourceTitle "CBM 177 Extra"]
[Source "ChessBase"]
[SourceDate "2017.04.27"]
[SourceVersion "1"]
[SourceVersionDate "2017.04.27"]
[SourceQuality "1"]

1. d4 Nf6 2. c4 e6 3. g3 d5 4. Bg2 Be7 5. Nf3 O-O 6. Qc2 a6 7. Bf4 dxc4 8. Qxc4
Bd6 9. Ne5 Nd5 10. Nc3 Nxf4 11. gxf4 Nd7 12. e3 Nb6 13. Qb3 f5 14. h4 a5 15. a3
c6 16. h5 a4 17. Qc2 Bd7 18. Bf3 Be8 19. Rh3 Qe7 20. O-O-O Rc8 21. Kb1 c5 22.
d5 Kh8 23. Ng6+ Bxg6 24. hxg6 h6 25. dxe6 Qxe6 26. Rg3 Be7 27. Nd5 Bf6 28. Nxf6
Qxf6 29. Rgg1 Rfd8 30. Bxb7 Rxd1+ 31. Rxd1 Rb8 32. Qxc5 Rxb7 33. Rd6 Qe7 34.
Qe5 Qf8 35. Qd4 Rb8 36. Rxb6 Rxb6 37. Qxb6 Qe8 38. Kc1 h5 39. e4 h4 40. Kd2 h3
41. Qe3 Qd7+ 42. Ke1 fxe4 43. Qxe4 Qc8 44. f5 Kg8 45. Qd5+ Kh8 46. Kd2 Qe8 47.
Qd3 h2 48. Qh3+ Kg8 49. Qxh2 Qd7+ 50. Ke1 Qe8+ 51. Kf1 Qb5+ 52. Kg1 Qxf5 53.
Qb8+ Qf8 54. Qxf8+ Kxf8 55. Kf1 1-0

[Event "WchT 11th"]
[Site "Khanty-Mansiysk"]
[Date "2017.06.26"]
[Round "9.2"]
[White "Onischuk, Alexander"]
[Black "Vitiugov, Nikita"]
[Result "0-1"]
[WhiteElo "2685"]
[BlackElo "2720"]
[PlyCount "112"]
[EventDate "2017.06.17"]
[EventType "team-tourn"]
[EventRounds "9"]
[EventCountry "RUS"]
[SourceTitle "CBM 179"]
[Source "ChessBase"]
[SourceDate "2017.07.12"]
[SourceVersion "1"]
[SourceVersionDate "2017.07.12"]
[SourceQuality "1"]
[WhiteTeam "US of America"]
[BlackTeam "Russia"]
[WhiteTeamCountry "USA"]
[BlackTeamCountry "RUS"]

1. d4 Nf6 2. c4 e6 3. Nf3 Bb4+ 4. Bd2 Bxd2+ 5. Qxd2 d5 6. Nc3 O-O 7. e3 Qe7 8.
cxd5 exd5 9. Bd3 b6 10. O-O Bb7 11. Ne5 c5 12. Rac1 c4 13. Bb1 a6 14. a4 Nc6
15. f4 Nb4 16. Rce1 Rac8 17. Qe2 Rc7 18. g4 Ne4 19. g5 f6 20. gxf6 gxf6 21. Nf3
Kh8 22. Kh1 Qg7 23. Rg1 Qh6 24. Rg2 Qh5 25. Rf1 Bc8 26. Bxe4 dxe4 27. Nd2 Qxe2
28. Rxe2 Bg4 29. Rg2 Bh3 30. Ndxe4 Re7 31. Rf3 Bxg2+ 32. Kxg2 Nd3 33. Nd6 Ne1+
34. Kf2 Nxf3 35. Kxf3 f5 36. Nxc4 Re6 37. d5 Rh6 38. d6 Rxh2 39. e4 b5 40. axb5
axb5 41. Nxb5 fxe4+ 42. Kxe4 Rh4 43. Ne5 Rhxf4+ 44. Kd5 Kg8 45. d7 Rf1 46. Nd4
Rd1 47. Nec6 h5 48. d8=Q Rxd8+ 49. Nxd8 h4 50. N8c6 h3 51. Ne7+ Kf7 52. Nef5
Kg6 53. Ng3 Kg5 54. Ke4 Kg4 55. Nde2 Re1 56. Ke3 Rxe2+ 0-1

[Event "Prague Masters 1st"]
[Site "Prague"]
[Date "2019.03.07"]
[Round "2.3"]
[White "Vitiugov, Nikita"]
[Black "Harikrishna, Pentala"]
[Result "1-0"]
[WhiteElo "2726"]
[BlackElo "2730"]
[Annotator "Vitiugov,N"]
[PlyCount "59"]
[EventDate "2019.03.06"]
[EventType "tourn"]
[EventRounds "9"]
[EventCountry "CZE"]
[EventCategory "19"]
[SourceTitle "CBM 189"]
[Source "ChessBase"]
[SourceDate "2019.04.29"]
[SourceVersion "1"]
[SourceVersionDate "2019.04.29"]
[SourceQuality "1"]

{This game was played in the second round. I had an idea in the Berlin Defence,
and I thought it was a good moment to try it. Diese Partie wurde in der
zweiten Runde gespielt. Ich hatte eine Idee in der Berliner Verteidigung und
fand, es wäre ein guter Moment, sie auszuprobieren.} 1. e4 e5 2. Nf3 Nc6 3.
Bb5 Nf6 4. O-O Nxe4 5. d4 Nd6 6. dxe5 Nxb5 7. a4 {Back in 2003, I played a
training game. My opponent surprised me with a sideline (for me) in the Ruy
Lopez (I mean 3...Nf6). Mostly I chose 1.d4 at that time and I had to find
something over the board. I was very proud of myself after coming up with 6.
dxe5 Nxb5 7.a4!, and only later on I realized it was just a way to deal with
Berlin, playable, but not the greatest. Damals im Jahr 2003 trug ich eine
Trainingspartie aus. Mein Gegner erwischte mich mit einer (für mich) seltenen
Variante im Spanier auf dem falschen Fuß (ich meine 3...Sf6). Seinerzeit
spielte ich überwiegend 1.d4 und musste am Brett improvisieren. Ich war sehr
stolz auf mich selbst, 6.dxe5 Sxb5 7.a4! gefunden zu haben, und stellte erst
hinterher fest, dass es einfach nur ein Weg war, die Berliner Verteidigung zu
behandeln, spielbar, aber nichts Besonderes.} Nbd4 ({There are several ways to
get in trouble. Like Es gibt diverse Wege, in Schwierigkeiten zu geraten. Etwa
} 7... d6 $6 8. e6 $1 fxe6 9. axb5 Ne7 10. Nc3 Nf5 11. Nd4 Qf6 12. b6 $1 cxb6
13. Ndb5 Qd8 14. g4 $36 {Sarana - Khismatullin, Yaroslavl 2018 Sarana -
Khismatullin, Yaroslavl 2018}) ({Or Oder} 7... Nd6 $2 8. Bg5 f6 9. Re1 Nxe5 10.
Nxe5 Be7 11. Bxf6 gxf6 12. Qh5+ Kf8 13. Ng6+ $18 {Guseinov - Deac, Batumi 2018
Guseinov - Deac, Batumi 2018}) 8. Nxd4 Nxd4 ({After Nach} 8... d5 {Naiditsch 
(an expert in this line) recently played two games against Kryvoruchko.
Without great success. spielte Naiditsch (ein Experte in dieser Variante)
unlängst zwei Partien gegen Kryvoruchko. Ohne großen Erfolg.} 9. Nxc6 bxc6
10. Nd2 Rb8 11. b3 ({Probably, an improvement. At least, it was their second
game. Wahrscheinlich eine Verbesserung. Zumindest war es ihre zweite Partie.} 
11. Qf3 c5 12. Rd1 Be6 13. Nf1 Qd7 14. h3 Be7 15. Qg3 g6 16. Bh6 Rxb2 17. Rab1
Rxb1 18. Rxb1 Qxa4 19. Rb8+ Bd8 $17 {1/2-1/2 (53) Naiditsch,A (2736)
-Kryvoruchko,Y (2698) Hungary HUN 2018 1/2-1/2 (53) Naiditsch,A (2736)
-Kryvoruchko,Y (2698) Hungary HUN 2018}) 11... Bf5 12. Re1 Bb4 13. Ba3 Bxa3 14.
Rxa3 O-O 15. Nf1 c5 16. Ng3 Be6 17. Qd2 Rb4 $11 {0-1 (86) Naiditsch,A (2721)
-Kryvoruchko,Y (2695) Batumi 2018 0-1 (86) Naiditsch,A (2721)-Kryvoruchko,Y 
(2695) Batumi 2018}) (8... d6 {is a bit passive: ist ein wenig passiv:} 9. Nxc6
bxc6 10. Re1 dxe5 11. Rxe5+ Be6 12. Qf3 Qd7 13. Nc3 Bd6 14. Re2 O-O 15. h3 Bc4
16. Re1 Rfe8 17. Bf4 Rad8 18. Rxe8+ Qxe8 19. Rd1 f6 20. Bxd6 Rxd6 21. Qf4 $14 {
1-0 (36) Naiditsch,A (2710)-Adams,M (2708) Astana KAZ 2019 1-0 (36) Naiditsch,
A (2710)-Adams,M (2708) Astana KAZ 2019}) 9. Qxd4 d5 10. Qd3 c6 11. a5 {
Nothing new so far. The move a5 is always useful to prevent b6 or to disturb
Black's queenside with a6. Bislang nichts Neues. Der Zug a5 ist immer
nützlich, um b6 zu verhindern oder mit a6 den schwarzen Damenflügel zu
behelligen.} Be6 {This move was played by Peter Leko, which means a very
simple thing - it is the best, or at least the most solid in this position. Of
course, I checked it before the game. Dieser Zug wurde von Peter Leko gespielt,
was etwas sehr Einfaches heißt - es ist der beste oder zumindest der
solideste in dieser Stellung. Natürlich hatte ich ihn vor der Partie geprüft.
} (11... Qd7 12. f4 (12. Be3 $5) 12... Qf5 13. Qc3 Bd7 14. Qb3 $6 Bc5+ 15. Be3
Bxe3+ 16. Qxe3 Qxc2 17. Qa3 Bf5 18. Qb4 Qe4 19. Qc5 Qc4 $15 {Grischuk -
Nakamura, Leuven 2018 Grischuk - Nakamura, Leuven 2018}) 12. Nc3 (12. f4 g6 13.
Nd2 c5 14. Nf3 Qd7 15. Be3 Be7 16. Bf2 Bf5 17. Qd2 Be4 {and Black has a very
comfortable position, Lomasov,S (2553)-Leko,P (2669), Moscow 2018. und Schwarz
hat eine sehr bequeme Stellung, Lomasov,S (2553)-Leko,P (2669), Moskau 2018.})
12... Qd7 13. Ne2 Bf5 14. Qc3 Be7 {Black is reacting in a very natural way.
But... Schwarz reagiert auf sehr natürliche Weise. Aber...} 15. Bh6 $1 {
Nice, but of course it was found during the prep. From this moment on the
black king is not comfortable anymore. Hübsch, wurde aber natürlich bei der
Vorbereitung entdeckt. Von diesem Moment an fühlt sich der schwarze König
nicht mehr wohl.} d4 $2 {It is very difficult to play against a prepared
opponent in a complex position. Hari is seeking for simplifications, but
that's not the way to go. In einer komplexen Stellung gegen einen
vorbereiteten Gegner zu spielen, ist äußert schwierig. Hari strebt
Vereinfachungen an, aber das ist nicht der angezeigte Weg.} ({Nothing critical
has happened - Noch ist nichts Kritisches passiert -} 15... Rg8 {and White has
a choice: , und Weiß hat die Wahl:} 16. Bxg7 ({or oder} 16. Bd2 c5 17. b4 cxb4
18. Qe3 Rc8 19. Nd4 $13) 16... Rxg7 17. e6 Rxg2+ 18. Kxg2 fxe6 $44) 16. Nxd4
gxh6 17. e6 Bxe6 18. Nxe6 Rg8 19. Nf4 (19. Ng7+ $6 {is just wasting time: ist
nur Zeitverschwendung:} Kf8 20. Nh5 Rd8 $14) 19... Qf5 ({Maybe Vielleicht war} 
19... O-O-O {was better, but after besser, aber nach} 20. a6 b5 21. g3 Bd6 22.
Rad1 Qc7 23. Nd3 {Black's position is very bad, practically lost. ist die
schwarze Stellung sehr schlecht, praktisch verloren.}) 20. Ra4 $1 {Energetic
play, a6 is coming. Energisches Spiel, a6 wird kommen.} Qf6 21. Qd3 ({The good
alternative was Die gute Alternative war} 21. Qe3 $5) 21... Rd8 22. Qxh7 {
Just in case, if White fails to win on the spot, it is gonna be a good
endgame! Sicherheitshalber; falls Weiß es nicht schafft, sofort zu gewinnen,
wird es ein gutes Endspiel sein!} Rg7 (22... Kd7 $5) 23. Qe4 Qxb2 $6 {All
moves are bad in a bad position, but now it is definitely over. In einer
schlechten Stellung sind alle Züge schlecht, aber jetzt ist es definitiv
vorbei.} 24. Re1 Rd7 25. a6 $1 {There were other ways, but I liked this. As
the great Russian writer Chekhov said once, if in the beginning of the play
the gun hangs on the wall, then (by the end of the play) it should shoot. Es
gab andere Wege, aber dies gefiel mir. Wie der große russische Schriftsteller
Tschechow einmal sagte, wenn zu Beginn des Stücks das Gewehr an der Wand
hängt, dann sollte es (am Ende des Stücks) auch schießen.} Rg5 {The last
trap. Die letzte Falle.} (25... b5 26. Qxc6 bxa4 27. Nd5 $18) 26. h4 ({The
idea was Die Idee war} 26. axb7 Re5 $1 {but, surprisingly, even here White is
winning: , aber überraschenderweise gewinnt Weiß selbst hier:} 27. Rb4 Rxe4
28. b8=Q+ Rd8 29. Qxd8+ Kxd8 30. Rd1+ $1 $18) 26... Rb5 27. axb7 {That's it.
Das war's.} Rbxb7 28. Qxc6 Kf8 29. Qxh6+ Qg7 30. Ne6+ 1-0

[Event "RUS-chT"]
[Site "Sochi"]
[Date "2019.05.02"]
[Round "2.1"]
[White "Vitiugov, Nikita"]
[Black "Inarkiev, Ernesto"]
[Result "1-0"]
[WhiteElo "2734"]
[BlackElo "2691"]
[PlyCount "97"]
[EventDate "2019.05.01"]
[EventType "team-tourn"]
[EventRounds "9"]
[EventCountry "RUS"]
[SourceTitle "CBM 190 Extra"]
[Source "ChessBase"]
[SourceDate "2019.07.15"]
[SourceVersion "1"]
[SourceVersionDate "2019.07.15"]
[SourceQuality "1"]
[WhiteTeam "St Petersburg Bronze Horseman"]
[BlackTeam "Moscow Legacy Square"]
[WhiteTeamCountry "RUS"]
[BlackTeamCountry "RUS"]

1. c4 e5 2. g3 Nf6 3. Bg2 c6 4. e4 d5 5. cxd5 cxd5 6. exd5 Nxd5 7. Nf3 Nc6 8.
O-O Bg4 9. Qa4 Qd7 10. Nxe5 Nxe5 11. Qe4 O-O-O 12. Qxe5 Nb4 13. d4 Bd6 14. Qa5
Kb8 15. Nc3 Rhe8 16. Nb5 b6 17. Qxb4 Bxb4 18. Bf4+ Bd6 19. Bxd6+ Qxd6 20. Nxd6
Rxd6 21. d5 Rd7 22. h3 Bh5 23. g4 Bg6 24. Rfd1 f6 25. a4 Rd6 26. a5 Re7 27. Rd4
bxa5 28. Rxa5 Rb7 29. Rd2 Rdb6 30. d6 Rxb2 31. Rxb2 Rxb2 32. d7 Kc7 33. Rxa7+
Kd8 34. Bc6 Rb8 35. f4 h5 36. Kf2 hxg4 37. hxg4 Bd3 38. Ra3 Bc4 39. Re3 Kc7 40.
Re8 Rd8 41. Kg3 Rxd7 42. Bxd7 Kxd7 43. Re1 Bf7 44. Kh4 Kd6 45. g5 Kd7 46. Kg4
Be6+ 47. f5 Bc4 48. gxf6 gxf6 49. Kh5 1-0